Hauptstädte der Länder, die mit K beginnen - Statistiken

Allgemein
  • Dieses Quiz wurde 456 mal gespielt
    369 seit der letzten Aktualisierung
  • Das Durchschnittsergebnis liegt bei 15 aus 19
Antwortstatistiken
K Land Hauptstadt % Korrekt
Kanada Ottawa
97%
Korea, Süd Seoul
97%
Kroatien Zagreb
96%
Kuba Havanna
94%
Kuwait Kuwait-Stadt
92%
Kenia Nairobi
92%
Kolumbien Bogotá
91%
Korea, Nord Pjöngjang
91%
Kosovo Priština
87%
Katar Doha
85%
Kasachstan Nur-Sultan
84%
Kambodscha Phnom Penh
75%
Kongo, Demokratische Republik Kinshasa
74%
Kirgisistan Bischkek
66%
Kongo, Republik Brazzaville
66%
Kamerun Jaunde
61%
Kap Verde Praia
59%
Komoren Moroni
48%
Kiribati South Tarawa
39%
Keine übereinstimmenden Quizze gefunden
Verteilung der Resultate
Anzahl Personen mit jedem Resultat
Perzentil nach korrekt beantworteten Fragen
Ihre Resultats-Entwicklung
Sie haben dieses Quiz seit der letzten Aktualisierung nicht gespielt